000 00772nam a2200241Ia 4500
003 OSt
005 20220923220941.0
006 a|||||r|||| 00| 0
007 ta
008 220922b |||||||| |||| 00| 0 hin d
024 _a192,592
037 _cTextual
040 _aARTS
_cARTS
_bhin
041 _2hin
_ahin
082 _aU8.5.N7, 152L4
100 _aवर्मा, दयानन्द
_9156279
245 0 _aपश्चिम के तीन रंग
246 _aPashchim ke tīn ranga
260 _aदिल्ली
_b पंजाबी बुक भण्डार
_c1974
650 _aभारतीय-भूगोल
942 _hU8.5.N7, 152L4
_cTEXL
_2CC
999 _c345193
_d345193